| 000 | 01438nam a2200373 c 4500 | ||
|---|---|---|---|
| 003 | BLK | ||
| 005 | 20250721102149.0 | ||
| 008 | 180411b bul|||||r ||||||| ||bul|| | ||
| 010 | _aKNG00181374000 | ||
| 020 |
_a978-954-26-1484-5 _bиздат.: Хермес |
||
| 040 | _aBLK | ||
| 041 |
_aBUL _cBUL |
||
| 072 | 7 |
_2bullib _aН83 _xЧужда художествена литература Н |
|
| 080 |
_aАмериканска литература (на САЩ) _b821.111(73) _x-312.4 _z821.111(73)-312.4 |
||
| 100 | 1 |
_aСилва, Даниъл _eпърви автор _9280486 |
|
| 700 | 1 |
_aАтанасова, Венера Иванова _eпрев. от англ. _9363320 |
|
| 139 |
_aСилва, Даниъл _bС 36 |
||
| 245 | 1 | 0 |
_aКрадецът _bРоман _cДаниъл Силва; прев. от англ. Венера Иванова Атанасова. |
| 257 | _aUSA | ||
| 260 |
_аПловдив _bХермес _c2015 _fСофия : Алианс принт |
||
| 300 |
_a448 с. _c20 см |
||
| 380 | _aX | ||
| 490 | 1 | _aМегаселър | |
| 500 | _aОриг. загл. The Heist / Daniel Silva. | ||
| 653 | _aкрими | ||
| 653 | _aромани | ||
| 659 | _aН | ||
| 852 | _aЦб 276623 | ||
| 856 | 4 |
_qpdf _u |
|
| 856 | 4 |
_qpdf _u |
|
| 942 |
_cKNG _n0 _083 |
||
| 944 |
_aCR _c09.09.2015 _lХристина Везирева _k30535 |
||
| 944 |
_aED _c14.01.2016 _lф / _kПенка_Димитрова |
||
| 999 |
_c173000 _d173000 |
||